01520nam a2200361 c 450000100060000000300100000600500170001600700030003300800410003602000180007704000350009504100080013004300120013808200220015010000470017224502160021925000220043526400500045730000420050733600270054933700330057633800280060952100530063765000680069065000560075865000590081465500310087370000440090470000480094894200120099699900170100895201330102558018CO-BoRNBP20250814161501.0ta180815s2014 ck a gr 000 0 spa d a9789584633347 aCO-BoRNBPbspaerdacCO-BoRNBP0 aspa as-ck---04a398.369bG87d223 aGutiérrez Gracia, Luz Myriameaut96224110aDragones, jaguares, diosecillos y otros fantasmas :bmáscaras originarias, cuentos extraordinarios /cLuz Myriam Gutiérrez, Manuel Alberto Torres ; ilustraciones Luz Myriam Gutiérrez y Viviana Gutiérrez. aPrimera edición 1aBogotá, Colombia :bViento Ediciones,c2014 a63 páginas :bilustraciones a color atextobtxt2rdacontent asin mediaciónbn2rdamedia avolumenbnc2rdacarrier aRecomendado para un público mayor de 12 años07aLeyendasxhistoria y críticavliteratura juvenil2lemb96224207aMascarasxhistoriavliteratura juvenil2lemb96224307aMitologíaxhistoriavliteratura juvenil2lemb962244 aLiteratura juvenil9324725 aGutiérrez Gracia, Vivianaeill962245 aTorres Bombiela, Manuel Albertoeaut962246 2ddccBK c58018d58018 00102ddc40708GENaMEMAPJGAbMEMAPJGAcGENd2025-08-14l0o398.369 G87dpMPJG00501r2025-08-14 16:15:27tEj.1w2025-08-14yBK